| 000 | 00444cam a2200157 a 4500 | ||
|---|---|---|---|
| 082 | 0 |
_a005.369 _bJAM _cD |
|
| 100 | 1 |
_aJamsa, Kris, _929170 |
|
| 245 | 1 | 4 |
_aThe ABC,s of Windows 3.0 / _cKris Jamsa. |
| 260 |
_aDelhi. : _bPBP.Publications, _c1991. |
||
| 300 |
_axxii, 327 p. : _bill. ; _c22 cm. |
||
| 500 | _aIncludes index. | ||
| 526 |
_a0 _b0 _c0 _d005_369000000000000_JAM |
||
| 650 | 0 |
_aMCE _9379 |
|
| 650 | 0 |
_aWindows 3.0 _936805 |
|
| 942 |
_2ddc _cBK |
||
| 999 |
_c541768 _d541768 |
||